• 首页
  • 本馆介绍
  • 公告通知
  • 最新文献
  • 馆藏检索
  • 电子资源
  • 读者导购
  • 参考咨询
  • 我的图书馆
  • 登录
  • 详细信息显示
  • 放入我的书架
  • 预约/预借图书
  • 作者相关作品
  • 分类相关作品
  • 丛书相关作品
  • 出版社相关作品

书目信息

  • 表格格式
  • 工作单格式
  • 卡片格式
题名:
水文水利计算
    
 
作者: 梁忠民 , 钟平安 , 华家鹏 主编
分册:  
出版信息: 北京   中国水利水电出版社  2008.10
页数: 375页
开本: 25cm
丛书名:
单 册:
中图分类: TV12
科图分类:
主题词: 水文计算--shui wen ji suan--高等教育--教材 , 水利计算--shui li ji suan--高等教育--教材 , 水文计算--shui wen ji suan , 水利计算--shui li ji suan
电子资源:
ISBN: 978-7-5084-5762-8
000 01180nam0 2200313 450
001 2030325433
005 20201122091522.72
010    @a978-7-5084-5762-8@dCNY58.00
100    @a20081111e20192008em y0chiy50 ea
101 0  @achi
102    @aCN@b110000
105    @ay z 000yy
106    @ar
200 1  @a水文水利计算@9shui wen shui li ji suan@f梁忠民, 钟平安, 华家鹏主编
205    @a2版
210    @a北京@c中国水利水电出版社@d2008.10@h2019.02
215    @a375页@d25cm
300    @a普通高等教育“十五”国家级规划教材高等学校水利学科专业规范核心课程教材·水文与水资源工程
330    @a本教材共分12章,阐述了工程水文设计和水利计算的基本原理与方法,包括:洪水频率分析方法、设计洪水计算、城市设计洪水计算、灌溉工程水计算以及防洪工程水利计算等内容。
606 0  @a水文计算@9shui wen ji suan@x高等教育@j教材
606 0  @a水利计算@9shui li ji suan@x高等教育@j教材
606 0  @a水文计算@9shui wen ji suan
606 0  @a水利计算@9shui li ji suan
690    @aTV12@v5
701  0 @a梁忠民@9liang zhong min@4主编
701  0 @a钟平安@9zhong ping an@4主编
701  0 @a华家鹏@9hua jia peng@4主编
801  0 @aCN@bBJSZM@c20201120
905    @b1242847-50@dTV12@e87=2@f4
    
    水文水利计算/梁忠民, 钟平安, 华家鹏主编.-2版.-北京:中国水利水电出版社,2008.10(2019.02)
    375页;25cm
    普通高等教育“十五”国家级规划教材高等学校水利学科专业规范核心课程教材·水文与水资源工程
    
    ISBN 978-7-5084-5762-8:CNY58.00
    本教材共分12章,阐述了工程水文设计和水利计算的基本原理与方法,包括:洪水频率分析方法、设计洪水计算、城市设计洪水计算、灌溉工程水计算以及防洪工程水利计算等内容。
●
相关链接 在E读中查询图书 在五车中查询图书 在当当中查询图书 在豆瓣中查询图书


正题名:水文水利计算     索取号:TV12/87=2         预约/预借

序号 登录号 条形码 馆藏地/架位号 状态 备注
1 1242847   212428470   第二样本阅览室/ [索取号:TV12/87=2] 在馆    
2 1242848   212428489   第三借阅区/ [索取号:TV12/87=2] 在馆    
3 1242849   212428498   第三借阅区/ [索取号:TV12/87=2] 在馆    
4 1242850   212428504   第三借阅区/ [索取号:TV12/87=2] 在馆    
唐山师范学院图书馆 欢迎您!
大连网信软件有限公司© 版权所有